[Event "GER-ch Net blitz qual2"]
[Site "Playchess.com INT"]
[Date "2020.03.16"]
[Round "2"]
[White "Altenburg, Nils"]
[Black "Hoel, Ole"]
[Result "0-1"]
[WhiteElo "1488"]
[BlackElo "1792"]
[PlyCount "84"]
[EventDate "2020.03.16"]
[EventType "swiss (blitz)"]
[EventRounds "9"]
[EventCountry "GER"]
[SourceTitle "CBM 195 Extra"]
[Source "ChessBase"]
[SourceDate "2020.05.31"]
[SourceVersion "1"]
[SourceVersionDate "2020.05.31"]
[SourceQuality "1"]

1. d4 Nf6 2. Nf3 d5 3. Bf4 Bf5 4. Nbd2 c6 5. e3 e6 6. Bd3 Bxd3 7. cxd3 Bd6 8. Be5 Bxe5 9. dxe5 Nfd7 10. d4 0-0 11. e4 f6 12. exd5 exd5 13. 0-0 fxe5 14. dxe5 Qe7 15. Re1 h6 16. Qb3 Nc5 17. Qb4 a5 18. Qa3 b5 19. Rac1 b4 20. Qe3 Ne6 21. Nd4 Nd7 22. Nxc6 Qh4 23. Nf3 Qh5 24. Ne7+ Kh8 25. Nxd5 Rf5 26. Rc6 Re8 27. Qe4 Ndf8 28. Nc7 Nxc7 29. Rxc7 Ne6 30. Rc6 Rf4 31. Qd5 Ng5 32. Nxg5 Qxg5 33. Qd7 Ref8 34. Re2 Rg4 35. g3 h5 36. Qd6 Qf5 37. f4 h4 38. Kg2 hxg3 39. hxg3 Qxf4 40. Qd3 Qf1+ 41. Kh2 Rg5 42. Qe3 Rh5# 0-1

[Event "Hamar Ridabu School A"]
[Site "Hamar"]
[Date "2019.09.19"]
[Round "2"]
[White "Slettmoen, Markus"]
[Black "Hoel, Ole"]
[Result "0-1"]
[WhiteElo "1698"]
[BlackElo "1794"]
[PlyCount "92"]
[EventDate "2019.09.05"]
[EventType "swiss"]
[EventRounds "7"]
[EventCountry "NOR"]
[SourceTitle "EXT 2024"]
[Source "ChessBase"]
[SourceDate "2023.10.10"]
[SourceVersion "1"]
[SourceVersionDate "2023.10.10"]
[SourceQuality "1"]

1. d4 Nf6 2. c4 e6 3. Nc3 d5 4. Bg5 h6 5. Bh4 Nbd7 6. cxd5 exd5 7. Nxd5 Nxd5 8. Bxd8 Bb4+ 9. Qd2 Bxd2+ 10. Kxd2 Kxd8 11. e4 N5f6 12. f3 c6 13. Bc4 Ke7 14. Ne2 Rd8 15. Rad1 Nb6 16. Bd3 a5 17. Rhe1 Kf8 18. Kc1 Be6 19. Kb1 Bc4 20. Ng3 Rxd4 21. Bxc4 Rxd1+ 22. Rxd1 Nxc4 23. b3 Nb6 24. Rd6 a4 25. e5 Nfd5 26. Ne4 axb3 27. axb3 Re8 28. Nc5 Rxe5 29. Nxb7 Re2 30. Rxc6 Rxg2 31. b4 Rxh2 32. Nd6 h5 33. Rc1 h4 34. Re1 g6 35. Re8+ Kg7 36. Rb8 h3 37. Rb7 Rg2 38. Nxf7 h2 39. Ne5+ Kf6 40. Ng4+ Rxg4 41. fxg4 h1Q+ 42. Kb2 Qg2+ 43. Kb3 Qf3+ 44. Kb2 Qc3+ 45. Kb1 Na4 46. g5+ Kxg5 0-1

[Event "Hamar CC-ch A"]
[Site "Hamar"]
[Date "2019.04.25"]
[Round "7"]
[White "Bjornstad, Niklas Eriksen"]
[Black "Hoel, Ole"]
[Result "1-0"]
[WhiteElo "1519"]
[BlackElo "1843"]
[PlyCount "141"]
[EventDate "2019.02.21"]
[EventType "swiss"]
[EventRounds "9"]
[EventCountry "NOR"]
[SourceTitle "EXT 2024"]
[Source "ChessBase"]
[SourceDate "2023.10.10"]
[SourceVersion "1"]
[SourceVersionDate "2023.10.10"]
[SourceQuality "1"]

1. d4 Nf6 2. c4 e6 3. Nc3 d5 4. Nf3 Bb4 5. Bg5 0-0 6. e3 Nbd7 7. a3 Bxc3+ 8. bxc3 c6 9. cxd5 exd5 10. Bd3 Re8 11. 0-0 Qa5 12. Qc2 Ne4 13. Rfc1 Nf8 14. h3 Ng6 15. Bf4 Nxf4 16. exf4 Qc7 17. c4 Qxf4 18. cxd5 cxd5 19. Qc7 Qxc7 20. Rxc7 Nd6 21. Rac1 f6 22. Nd2 Be6 23. Nb3 b6 24. R1c6 Nc4 25. Bxc4 dxc4 26. Nd2 Bd5 27. Rd6 Red8 28. Nxc4 Rxd6 29. Nxd6 a6 30. Nf5 Bf7 31. d5 Kf8 32. d6 g6 33. Nh6 Be6 34. Rxh7 Rc8 35. Ng4 Rc1+ 36. Kh2 Rd1 37. Nxf6 Rxd6 38. Rb7 b5 39. Ne4 Rc6 40. f3 Bd5 41. Kg3 Bxe4 42. fxe4 Rc3+ 43. Kf4 Rxa3 44. h4 Ra4 45. g4 b4 46. Kg5 Ra5+ 47. Kf4 Ra4 48. Ke5 a5 49. Kf6 Ke8 50. Kxg6 b3 51. Rxb3 Rxe4 52. Kf5 Rc4 53. Rb7 Kd8 54. h5 Kc8 55. Ra7 Rc5+ 56. Kg6 Kb8 57. Rf7 a4 58. h6 a3 59. h7 Rc8 60. Rf3 Rc6+ 61. Kf5 Rh6 62. Rxa3 Rxh7 63. Rc3 Rh1 64. g5 Rf1+ 65. Ke5 Re1+ 66. Kf6 Rf1+ 67. Kg7 Kb7 68. g6 Rf2 69. Kg8 Rf1 70. g7 Rf2 71. Rg3 1-0

[Event "Hamar CC-ch A"]
[Site "Hamar"]
[Date "2019.03.21"]
[Round "4"]
[White "Nilsen, Thomas"]
[Black "Hoel, Ole"]
[Result "1-0"]
[WhiteElo "1687"]
[BlackElo "1843"]
[PlyCount "61"]
[EventDate "2019.02.21"]
[EventType "swiss"]
[EventRounds "9"]
[EventCountry "NOR"]
[SourceTitle "EXT 2024"]
[Source "ChessBase"]
[SourceDate "2023.10.10"]
[SourceVersion "1"]
[SourceVersionDate "2023.10.10"]
[SourceQuality "1"]

1. d4 d5 2. c4 e6 3. Nc3 Nf6 4. Nf3 dxc4 5. a4 Bb4 6. e3 Ne4 7. Qc2 Nxc3 8. bxc3 Be7 9. Bxc4 0-0 10. 0-0 c5 11. Bb2 Nc6 12. Rad1 Qc7 13. Ba2 b6 14. Bb1 g6 15. e4 c4 16. d5 Na5 17. Nd4 exd5 18. exd5 a6 19. Qe2 Bd6 20. h4 Bd7 21. Bc2 Rfe8 22. Qf3 Re5 23. Bc1 Rae8 24. Bf4 Rh5 25. Bg5 h6 26. Bf6 Qc8 27. Rfe1 Bh2+ 28. Kxh2 Rxe1 29. Rxe1 Bg4 30. Qe4 Kf8 31. Qe7+ 1-0

[Event "Hamar CC-ch A"]
[Site "Hamar"]
[Date "2019.03.07"]
[Round "3"]
[White "Hoel, Ole"]
[Black "Brobakken, Jorgen"]
[Result "0-1"]
[WhiteElo "1843"]
[BlackElo "1554"]
[PlyCount "60"]
[EventDate "2019.02.21"]
[EventType "swiss"]
[EventRounds "9"]
[EventCountry "NOR"]
[SourceTitle "EXT 2024"]
[Source "ChessBase"]
[SourceDate "2023.10.10"]
[SourceVersion "1"]
[SourceVersionDate "2023.10.10"]
[SourceQuality "1"]

1. d4 d5 2. Nc3 e6 3. Nf3 f5 4. Bf4 Bd6 5. e3 Nf6 6. Bd3 c6 7. Ne2 0-0 8. 0-0 Ne4 9. c4 Bxf4 10. exf4 Nd7 11. Rc1 b6 12. cxd5 cxd5 13. Ne5 Nxe5 14. dxe5 Bb7 15. Nd4 Qe7 16. a3 Nc5 17. Bb1 Ba6 18. Re1 Rac8 19. b4 Nd7 20. Nc6 Qf7 21. Bxf5 Rxc6 22. Bxh7+ Kxh7 23. Rxc6 Qxf4 24. Qh5+ Kg8 25. f3 Qd2 26. Qh4 Re8 27. Rc7 Bb5 28. Rxa7 Rc8 29. a4 Rc1 30. Rxc1 Qe3+ 0-1

[Event "Hamar CC-ch A"]
[Site "Hamar"]
[Date "2019.02.28"]
[Round "2"]
[White "Rohne, Jorgen"]
[Black "Hoel, Ole"]
[Result "0-1"]
[WhiteElo "1276"]
[BlackElo "1843"]
[PlyCount "36"]
[EventDate "2019.02.21"]
[EventType "swiss"]
[EventRounds "9"]
[EventCountry "NOR"]
[SourceTitle "EXT 2024"]
[Source "ChessBase"]
[SourceDate "2023.10.10"]
[SourceVersion "1"]
[SourceVersionDate "2023.10.10"]
[SourceQuality "1"]

1. e4 d5 2. exd5 Nf6 3. Nc3 Nxd5 4. Qf3 e6 5. Bc4 c6 6. Nxd5 exd5 7. Bd3 Be7 8. Ne2 Nd7 9. Ng3 g6 10. c3 0-0 11. 0-0 Ne5 12. Qe2 Bd6 13. Bc2 Re8 14. Qd1 Qh4 15. d4 Ng4 16. h3 Nxf2 17. Rxf2 Qxg3 18. Rf3 Re1+ 0-1

[Event "Hamar CC-ch A"]
[Site "Hamar"]
[Date "2019.02.21"]
[Round "1"]
[White "Hoel, Ole"]
[Black "Bjortomt, Erling"]
[Result "1-0"]
[WhiteElo "1843"]
[BlackElo "1487"]
[PlyCount "85"]
[EventDate "2019.02.21"]
[EventType "swiss"]
[EventRounds "9"]
[EventCountry "NOR"]
[SourceTitle "EXT 2024"]
[Source "ChessBase"]
[SourceDate "2023.10.10"]
[SourceVersion "1"]
[SourceVersionDate "2023.10.10"]
[SourceQuality "1"]

1. d4 Nf6 2. c4 b6 3. Nc3 Bb7 4. f3 e6 5. e4 d6 6. Bd3 Be7 7. Nge2 Nc6 8. Be3 0-0 9. Rc1 Re8 10. 0-0 Nb4 11. Bb1 Nd7 12. f4 c5 13. a3 cxd4 14. Nxd4 Nc6 15. Nce2 Rc8 16. Ng3 Nf8 17. Qe2 Na5 18. Nb5 a6 19. Nd4 d5 20. cxd5 Rxc1 21. Rxc1 exd5 22. e5 Nc4 23. Bf2 Bc5 24. Ngf5 f6 25. e6 g6 26. Nh6+ Kg7 27. Nf7 Qc8 28. f5 Bxd4 29. Bxd4 Nxe6 30. fxe6 Rxe6 31. Qf2 Qd7 32. Ng5 Rc6 33. Rf1 Qe7 34. Re1 Ne5 35. Nxh7 Kxh7 36. Qh4+ Kg7 37. Bxe5 Rc4 38. Bxf6+ Qxf6 39. Re7+ Qf7 40. Rxf7+ Kxf7 41. Qg5 Re4 42. Bxe4 dxe4 43. Qe5 1-0

[Event "Hamar op A"]
[Site "Hamar"]
[Date "2018.11.15"]
[Round "6"]
[White "Kristiansen, Ole Jakob"]
[Black "Hoel, Ole"]
[Result "1-0"]
[WhiteElo "1977"]
[BlackElo "1808"]
[PlyCount "107"]
[EventDate "2018.09.06"]
[EventType "swiss"]
[EventRounds "7"]
[EventCountry "NOR"]
[SourceTitle "EXT 2024"]
[Source "ChessBase"]
[SourceDate "2023.10.10"]
[SourceVersion "1"]
[SourceVersionDate "2023.10.10"]
[SourceQuality "1"]

1. c4 e5 2. Nc3 Nc6 3. g3 f5 4. Bg2 Nf6 5. e3 Bc5 6. Nge2 d6 7. 0-0 a6 8. d4 Ba7 9. b3 0-0 10. dxe5 dxe5 11. Ba3 Re8 12. Qc2 Qd7 13. Nd5 Qf7 14. Nxf6+ Qxf6 15. c5 Be6 16. Rfd1 Rad8 17. Bb2 Bf7 18. Qc3 Bh5 19. Qc4+ Kh8 20. Rxd8 Rxd8 21. Nf4 Bf7 22. Qc2 Qe7 23. Nd3 e4 24. Qc3 Qf8 25. Ne5 Ne7 26. g4 Nd5 27. Rd1 Be6 28. Qc2 c6 29. gxf5 Qxf5 30. Qxe4 Qh5 31. Qf3 Qe8 32. Bd4 Bb8 33. Nd3 Qe7 34. Ne5 Rf8 35. Qe2 Qg5 36. f4 Qh4 37. Qf2 Qe7 38. Kh1 Bc8 39. Qg3 Bf5 40. Rg1 Nf6 41. h4 Ne4 42. Bxe4 Bxe4+ 43. Kh2 Rf6 44. Qg5 Bxe5 45. Bxe5 Rf7 46. Rd1 h6 47. Qxe7 Rxe7 48. Kg3 h5 49. Rd8+ Kh7 50. Bd6 Re6 51. Rd7 Rg6+ 52. Kf2 Rg2+ 53. Ke1 Rxa2 54. Be5 1-0

[Event "Hamar CC-ch A"]
[Site "Hamar"]
[Date "2017.03.30"]
[Round "7"]
[White "Hoel, Ole"]
[Black "Ormasen, Odd Steinar"]
[Result "1/2-1/2"]
[WhiteElo "1700"]
[BlackElo "1602"]
[PlyCount "148"]
[EventDate "2017.01.05"]
[EventType "swiss"]
[EventRounds "9"]
[EventCountry "NOR"]
[SourceTitle "EXT 2024"]
[Source "ChessBase"]
[SourceDate "2023.10.10"]
[SourceVersion "1"]
[SourceVersionDate "2023.10.10"]
[SourceQuality "1"]

1. e4 e6 2. d4 d5 3. Nd2 c5 4. c3 Nc6 5. Ngf3 Nf6 6. Bd3 Qb6 7. exd5 exd5 8. 0-0 Bg4 9. Qe2+ Be7 10. dxc5 Qxc5 11. Nb3 Qd6 12. Re1 0-0 13. Bg5 Rfe8 14. Bc2 Ne4 15. Bxe7 Rxe7 16. Qd3 Rae8 17. Nbd4 Qf4 18. Re3 Nf6 19. Rae1 Rxe3 20. Rxe3 Rxe3 21. Qxe3 Nxd4 22. Nxd4 Qxe3 23. fxe3 Kf8 24. Nb5 a6 25. Nd6 b6 26. Kf2 Ke7 27. Nf5+ Bxf5 28. Bxf5 Kd6 29. Ke2 h6 30. Kd3 a5 31. Kd4 Ng8 32. e4 dxe4 33. Bxe4 Nf6 34. Bf3 Ne8 35. Bd5 f6 36. Bf7 Nc7 37. Ke4 Ke7 38. Bg8 g6 39. Kd4 Kf8 40. Bc4 Ke7 41. Bd3 Ne6+ 42. Kc4 Nf4 43. Be4 f5 44. Bf3 Kd6 45. g3 Ne6 46. Kb5 Kc7 47. Bd5 Ng5 48. h4 Nh7 49. Bf7 Nf8 50. b4 axb4 51. cxb4 g5 52. hxg5 hxg5 53. a4 Kb7 54. Bd5+ Ka7 55. Kc4 Nh7 56. Kd4 Nf6 57. Bf3 g4 58. Bg2 Nh5 59. Ke5 Nxg3 60. Kf4 Ne2+ 61. Kxf5 Nd4+ 62. Kxg4 Nc2 63. b5 Ne3+ 64. Kg3 Nf5+ 65. Kf4 Ne7 66. Ke5 Ng6+ 67. Kd6 Nf4 68. Bf1 Kb7 69. Bc4 Ng6 70. Bd5+ Ka7 71. Bc6 Nf4 72. Bd5 Kb8 73. Kc6 Ka7 74. Bf3 Ne6 1/2-1/2

[Event "Hamar op A"]
[Site "Hamar"]
[Date "2016.09.15"]
[Round "2"]
[White "Hoel, Ole"]
[Black "Ormasen, Odd Steinar"]
[Result "0-1"]
[WhiteElo "1711"]
[BlackElo "1616"]
[PlyCount "86"]
[EventDate "2016.09.01"]
[EventType "swiss"]
[EventRounds "7"]
[EventCountry "NOR"]
[SourceTitle "EXT 2024"]
[Source "ChessBase"]
[SourceDate "2023.10.10"]
[SourceVersion "1"]
[SourceVersionDate "2023.10.10"]
[SourceQuality "1"]

1. c4 Nf6 2. d4 c5 3. e3 g6 4. Nc3 Bg7 5. Bd3 d6 6. Nge2 Nc6 7. 0-0 0-0 8. h3 e5 9. d5 Ne7 10. e4 Ne8 11. f4 f5 12. fxe5 dxe5 13. exf5 gxf5 14. Bg5 Nd6 15. Ng3 h6 16. Bh4 Bd7 17. Nh5 Qe8 18. Nxg7 Kxg7 19. Be2 Ng6 20. Bh5 Nxc4 21. Rf3 e4 22. Rg3 Nce5 23. b4 f4 24. Rxg6+ Nxg6 25. bxc5 Qe5 26. Be1 f3 27. Bg4 Bxg4 28. Nb5 f2+ 29. Bxf2 Rxf2 30. hxg4 Raf8 31. Qd4 e3 32. Qxe5+ Nxe5 33. Nd4 Kh7 34. Rb1 R8f7 35. Re1 Nxg4 36. d6 Rd2 37. Nf3 Rc2 38. Rf1 Rd7 39. Nd4 Rxc5 40. Ne6 e2 41. Re1 Rf5 42. Rxe2 Rxd6 43. g3 Re5 0-1

[Event "Hamar Ridabu School-ch A"]
[Site "Hamar"]
[Date "2016.01.07"]
[Round "1"]
[White "Nilsen, Thomas"]
[Black "Hoel, Ole"]
[Result "0-1"]
[WhiteElo "1505"]
[BlackElo "1744"]
[PlyCount "108"]
[EventDate "2016.01.07"]
[EventType "swiss"]
[EventRounds "9"]
[EventCountry "NOR"]
[SourceTitle "EXT 2024"]
[Source "ChessBase"]
[SourceDate "2023.10.10"]
[SourceVersion "1"]
[SourceVersionDate "2023.10.10"]
[SourceQuality "1"]

1. d4 Nf6 2. c4 e6 3. Nc3 Bb4 4. a3 Bxc3+ 5. bxc3 c5 6. Nf3 0-0 7. Qc2 Nc6 8. Bg5 b6 9. e4 h6 10. Bh4 g5 11. Bg3 d6 12. d5 Na5 13. Be2 e5 14. Nd2 Bd7 15. h4 g4 16. h5 Nh7 17. Bh4 Qe8 18. f3 f5 19. exf5 Bxf5 20. Bd3 Bxd3 21. Qxd3 gxf3 22. gxf3 Qxh5 23. 0-0-0 Qf5 24. Qxf5 Rxf5 25. Be7 h5 26. Bxd6 Kf7 27. Rde1 Re8 28. f4 exf4 29. Rxe8 Kxe8 30. Rf1 f3 31. Kc2 Ng5 32. Bg3 Kd7 33. Kd3 b5 34. cxb5 Rxd5+ 35. Ke3 c4 36. Nxf3 Nxf3 37. Rxf3 Ke6 38. Ke4 Rxb5 39. Kd4 Rd5+ 40. Ke4 Nb3 41. Rf6+ Kxf6 42. Kxd5 Nd2 43. Bf4 Nb1 44. Kxc4 Nxa3+ 45. Kb4 Nc2+ 46. Kb5 h4 47. Ka6 Na3 48. Ka5 Nc4+ 49. Ka6 Kf5 50. Bh2 Ne5 51. Kxa7 Nf3 52. c4 Nxh2 53. c5 Nf3 54. c6 Nd4 0-1

[Event "Hamar op A"]
[Site "Hamar"]
[Date "2015.10.15"]
[Round "4"]
[White "Hoel, Ole"]
[Black "Nilsen, Thomas"]
[Result "1-0"]
[WhiteElo "1745"]
[BlackElo "1508"]
[PlyCount "54"]
[EventDate "2015.09.03"]
[EventType "swiss"]
[EventRounds "7"]
[EventCountry "NOR"]
[SourceTitle "EXT 2024"]
[Source "ChessBase"]
[SourceDate "2023.10.10"]
[SourceVersion "1"]
[SourceVersionDate "2023.10.10"]
[SourceQuality "1"]

1. e4 c6 2. d4 d5 3. e5 Bf5 4. h4 h6 5. g4 Bh7 6. e6 fxe6 7. Bd3 Bxd3 8. Qxd3 Qd6 9. f4 Nd7 10. Qg6+ Kd8 11. h5 Ngf6 12. Nc3 c5 13. Nf3 cxd4 14. Nxd4 a6 15. Bd2 e5 16. fxe5 Qxe5+ 17. Nce2 Nc5 18. 0-0-0 Qe4 19. Qf7 Rc8 20. Kb1 Nxg4 21. Nf4 Kd7 22. Nxd5 Na4 23. Rhe1 Qxd4 24. Qe6+ Ke8 25. Qxc8+ Kf7 26. Qe6+ Ke8 27. Nc7+ Kd8 1-0

[Event "Hamar op A"]
[Site "Hamar"]
[Date "2015.10.01"]
[Round "3"]
[White "Slettmoen, Markus"]
[Black "Hoel, Ole"]
[Result "0-1"]
[WhiteElo "1406"]
[BlackElo "1745"]
[PlyCount "106"]
[EventDate "2015.09.03"]
[EventType "swiss"]
[EventRounds "7"]
[EventCountry "NOR"]
[SourceTitle "EXT 2024"]
[Source "ChessBase"]
[SourceDate "2023.10.10"]
[SourceVersion "1"]
[SourceVersionDate "2023.10.10"]
[SourceQuality "1"]

1. d4 Nf6 2. Nf3 e6 3. Bf4 c5 4. e3 Nc6 5. c3 Be7 6. Bb5 0-0 7. Nbd2 Nd5 8. Bg3 f5 9. h3 f4 10. Bxf4 Nxf4 11. exf4 Rxf4 12. g3 Rf5 13. Bd3 Rf7 14. Ne5 Nxe5 15. dxe5 d5 16. exd6 Bxd6 17. Nc4 Qf6 18. Qc2 Bc7 19. Bxh7+ Kh8 20. Bd3 b5 21. Ne3 Bb7 22. Rh2 c4 23. Bf1 Rd8 24. Ng4 Qg5 25. Rd1 Rfd7 26. Rxd7 Rxd7 27. f4 Qc5 28. Rd2 Rd5 29. Bg2 Qg1+ 30. Bf1 Qxg3+ 31. Nf2 Bxf4 32. Rxd5 Bxd5 33. Qe2 Qg6 34. Qg4 Qb1+ 35. Nd1 Qc1 36. Be2 Qd2+ 37. Kf1 Bh6 38. Qd4 Qxd4 39. cxd4 b4 40. a3 a5 41. Kf2 Bc1 42. axb4 axb4 43. Bf3 Bxf3 44. Kxf3 Bxb2 45. Ke4 Ba1 46. d5 exd5+ 47. Kxd5 c3 48. Ne3 b3 49. Kc4 b2 50. Ng4 b1Q 51. Ne5 c2 52. Nf7+ Kg8 53. Nh6+ gxh6 0-1

[Event "Hamar Ridabu School-ch"]
[Site "Hamar"]
[Date "2015.04.09"]
[Round "7"]
[White "Hoel, Ole"]
[Black "Bakken, Svein Arne"]
[Result "1-0"]
[WhiteElo "1777"]
[BlackElo "1338"]
[PlyCount "65"]
[EventDate "2015.01.08"]
[EventType "swiss"]
[EventRounds "9"]
[EventCountry "NOR"]
[SourceTitle "EXT 2024"]
[Source "ChessBase"]
[SourceDate "2023.10.10"]
[SourceVersion "1"]
[SourceVersionDate "2023.10.10"]
[SourceQuality "1"]

1. e4 c5 2. d4 cxd4 3. c3 Nc6 4. Bc4 e6 5. cxd4 d5 6. exd5 exd5 7. Bb5 Qa5+ 8. Nc3 Bb4 9. Bxc6+ bxc6 10. Nge2 Nf6 11. 0-0 0-0 12. Bg5 Be6 13. Bxf6 gxf6 14. Rc1 Bd6 15. Qd2 Kh8 16. Qh6 Qd8 17. f4 f5 18. Rf3 Rg8 19. Rh3 Rg7 20. Ng3 Qg8 21. Qf6 Qd8 22. Qh6 Qg8 23. Nce2 Rg6 24. Qh5 Rc8 25. Kh1 Rg4 26. Nxf5 Bxf5 27. Qxf5 Rg6 28. Ng3 Re8 29. Nh5 Ree6 30. g3 Qe8 31. Qd3 Re3 32. Nf6 Re1+ 33. Kg2 1-0

[Event "Hamar op A"]
[Site "Hamar"]
[Date "2014.11.20"]
[Round "8"]
[White "Hoel, Ole"]
[Black "Kristiansen, Ole Jakob"]
[Result "1/2-1/2"]
[WhiteElo "1733"]
[BlackElo "1749"]
[PlyCount "68"]
[EventDate "2014.09.04"]
[EventType "tourn"]
[EventRounds "9"]
[EventCountry "NOR"]
[SourceTitle "EXT 2024"]
[Source "ChessBase"]
[SourceDate "2023.10.10"]
[SourceVersion "1"]
[SourceVersionDate "2023.10.10"]
[SourceQuality "1"]

1. d4 Nf6 2. Bg5 d5 3. Bxf6 exf6 4. e3 Bd6 5. g3 0-0 6. Bg2 c6 7. Ne2 Na6 8. Nd2 Nc7 9. 0-0 Be6 10. c4 dxc4 11. Rc1 Nd5 12. Nxc4 Nb6 13. Nxd6 Qxd6 14. b3 f5 15. Nf4 Nd5 16. Nd3 b6 17. Qd2 Rac8 18. b4 Rfd8 19. a3 f6 20. Rc2 Ne7 21. Rfc1 Bd5 22. f3 Bf7 23. Nf4 c5 24. bxc5 bxc5 25. d5 Nxd5 26. Nxd5 Qxd5 27. Qxd5 Rxd5 28. f4 Rd3 29. Rxc5 Rxc5 30. Rxc5 Be6 31. Ra5 Rd1+ 32. Kf2 Rd2+ 33. Kg1 Rd1+ 34. Kf2 Rd2+ 1/2-1/2

[Event "Hamar op A"]
[Site "Hamar"]
[Date "2014.10.30"]
[Round "6"]
[White "Hoel, Ole"]
[Black "Jotun, Jan"]
[Result "1-0"]
[WhiteElo "1733"]
[BlackElo "1654"]
[PlyCount "41"]
[EventDate "2014.09.04"]
[EventType "tourn"]
[EventRounds "9"]
[EventCountry "NOR"]
[SourceTitle "EXT 2024"]
[Source "ChessBase"]
[SourceDate "2023.10.10"]
[SourceVersion "1"]
[SourceVersionDate "2023.10.10"]
[SourceQuality "1"]

1. e4 c5 2. Nf3 Nc6 3. d4 cxd4 4. Nxd4 d6 5. Nc3 g6 6. Be3 Bg7 7. Bc4 Nf6 8. f3 Nxd4 9. Bxd4 0-0 10. Qd2 Bd7 11. a3 Qc7 12. Ba2 Bc6 13. 0-0-0 b5 14. h4 a5 15. h5 b4 16. Nb1 Rfc8 17. hxg6 hxg6 18. g4 Nxe4 19. fxe4 e5 20. Rdf1 Rf8 21. Qh2 1-0

[Event "Hamar op A"]
[Site "Hamar"]
[Date "2014.10.02"]
[Round "4"]
[White "Hoel, Ole"]
[Black "Wago, Anders"]
[Result "1-0"]
[WhiteElo "1733"]
[BlackElo "1568"]
[PlyCount "93"]
[EventDate "2014.09.04"]
[EventType "tourn"]
[EventRounds "9"]
[EventCountry "NOR"]
[SourceTitle "EXT 2024"]
[Source "ChessBase"]
[SourceDate "2023.10.10"]
[SourceVersion "1"]
[SourceVersionDate "2023.10.10"]
[SourceQuality "1"]

1. e4 e6 2. d4 d5 3. Nc3 Nf6 4. Bg5 Be7 5. e5 Nfd7 6. h4 a6 7. Qg4 Kf8 8. 0-0-0 c5 9. f4 cxd4 10. Rxd4 Nc6 11. Rd3 h5 12. Qe2 Nc5 13. Bxe7+ Qxe7 14. Rd2 b5 15. Rh3 b4 16. Nd1 Ne4 17. Rdd3 a5 18. Qe1 Ba6 19. Rde3 Bxf1 20. Qxf1 Nd4 21. Nf3 Nf5 22. Rxe4 dxe4 23. Ng5 Qd7 24. Nxe4 Qd5 25. Qe2 Qxa2 26. Rd3 Qa4 27. Kb1 Qc6 28. Qd2 Ke7 29. Ne3 Nxe3 30. Qxe3 Rhd8 31. Nd6 g6 32. f5 exf5 33. Qg5+ Kf8 34. Qh6+ Ke7 35. Nxf5+ Ke6 36. Nd4+ Rxd4 37. Rxd4 Ke7 38. Qf4 Rc8 39. Qf2 Rd8 40. Rxd8 Kxd8 41. Qxf7 Qe8 42. Qd5+ Ke7 43. Qxa5 Qb8 44. Qd5 Qb6 45. Ka2 Qf2 46. Qd6+ Ke8 47. Qxg6+ 1-0

[Event "Hamar CC-ch"]
[Site "Hamar"]
[Date "2014.05.08"]
[Round "9"]
[White "Ruud, Tobias Frisvold"]
[Black "Hoel, Ole"]
[Result "1/2-1/2"]
[WhiteElo "1231"]
[BlackElo "1731"]
[PlyCount "94"]
[EventDate "2014.01.09"]
[EventType "swiss"]
[EventRounds "9"]
[EventCountry "NOR"]
[SourceTitle "EXT 2024"]
[Source "ChessBase"]
[SourceDate "2023.10.10"]
[SourceVersion "1"]
[SourceVersionDate "2023.10.10"]
[SourceQuality "1"]

1. e4 c6 2. Nc3 d5 3. Nf3 Bg4 4. h3 Bh5 5. exd5 cxd5 6. Bb5+ Nc6 7. g4 Bg6 8. Ne5 Qc7 9. d4 e6 10. h4 f6 11. Nxg6 hxg6 12. Qe2 Kf7 13. Be3 Bb4 14. h5 Bxc3+ 15. bxc3 Nge7 16. Rb1 a6 17. Bd3 b5 18. Rh3 Na5 19. Bd2 Nc4 20. Kf1 e5 21. dxe5 Qxe5 22. Bxc4 dxc4 23. Re3 Qc5 24. Re1 Nc6 25. Qf3 Rad8 26. Bc1 gxh5 27. g5 Qd5 28. Qxd5+ Rxd5 29. gxf6 gxf6 30. Ba3 Re5 31. Rxe5 fxe5 32. Kg2 Ke6 33. f4 Kf5 34. fxe5 Nxe5 35. Bd6 Ng4 36. Bc5 Rd8 37. Bd4 Rg8 38. Kh3 Kg5 39. Re6 Rg6 40. Re8 Nf6 41. Re5+ Kf4 42. Rc5 Ng4 43. Kh4 Ne3 44. a4 Nxc2 45. axb5 axb5 46. Rxb5 Ra6 47. Kxh5 Ra3 1/2-1/2